|
|
|
|
| LEADER |
00000nam a2200000 a 4500 |
| 001 |
vtls009001558 |
| 003 |
SK-MaSNL |
| 005 |
20260301124941.0 |
| 008 |
240314n gw n lat |
| 040 |
|
|
|a SNK
|b slo
|c SNK
|e AACR 2
|
| 041 |
0 |
|
|a lat
|
| 044 |
|
|
|a GW
|
| 100 |
1 |
|
|a Sauerwald, Nikolaus
|4 aut
|9 474169
|
| 245 |
1 |
0 |
|a Q.D.B.V. Theses ex Universa Philosophia excerptae,
|b Quas Ex Decreto Amplissimae Facultatis Philosophicae Pro Loco in Eadem Modô Majoribus usitatô obtinendo
|c d. 21. Decembr. Publico Examini subjicit M. Nicolaus Sauerwald/ Ascaniensis Saxo. Respondente Johanne Weissen...
|
| 260 |
|
|
|a Jenae
|b imprimebat Joh. Jac. Bauhofferus.
|c [17. stor.]
|
| 300 |
|
|
|a A4 [=4 listy]
|c 4°
|
| 501 |
|
|
|a Príväzok 17. k: Zeisold, Johann: De Aristotelis in illis, Quae ex lumine Naturae innotescunt, cum Scriptura Sacra Consensu ab eaque apparente dissensu,... Jenae: Typis Johannis Nisii, 1667. 4°
|5 SNK: SD 64513
|
| 650 |
0 |
7 |
|a Akademická dišputa
|x Filozofia
|2 SNK
|9 403544
|
| 700 |
1 |
|
|a Bauhoffer, Johann Jacob
|4 prt
|9 315313
|
| 700 |
1 |
|
|a Weisse, Johann
|4 aut
|9 474170
|
| 852 |
|
|
|a SNk
|b SD 64513 prív. 17
|
| 999 |
|
|
|c 741007
|d 742937
|
| 952 |
|
|
|a SNK
|b SNK
|y PREZ
|7 0
|o snkSD 64513 prív. 17
|i snkK 1463/92
|8 3
|0 0
|1 0
|4 0
|d 2007-06-22
|l 0
|r 2026-02-23 22:58:57
|w 2026-02-23
|